Statistics for 2020 Formula One Teams and Drivers

Click here to take the quiz!

General Stats

  • This quiz has been taken 69 times
  • The average score is 29 of 30

Answer Stats

Drivers% Correct
Carlos Sainz Jr.
98%
Charles Leclerc
98%
Daniel Ricciardo
98%
Haas F1 Team
98%
Lewis Hamilton
98%
McLaren F1 Team
98%
Mercedes-AMG Petronas F1 Team
98%
Renault DP World F1 Team
98%
Scuderia Ferrari
98%
Sebastian Vettel
98%
Valtteri Bottas
98%
Williams Racing
98%
Aston Martin Red Bull Racing
96%
Lance Stroll
96%
Lando Norris
96%
Max Verstappen
96%
Alfa Romeo Racing Orlen
95%
BWT Racing Point F1 Team
95%
George Russell
95%
Kevin Magnussen
95%
Sergio Pérez
95%
Esteban Ocon
93%
Kimi Räikkönen
93%
Pierre Gasly
93%
Romain Grosjean
93%
Alexander Albon
91%
Daniil Kvyat
91%
Nicholas Latifi
89%
Scuderia AlphaTauri Honda
89%
Antonio Giovinazzi
84%

Score Distribution

Percentile by Number Answered

Percent of People with Each Score

Your Score History

You have not taken this quiz